MDQL
is popping MORE tags! Check the
thread
!
Quizzes
Events
Quiz Creation
Community
Videos
Private Events
Remove Ads
Sign In
Join for FREE
Feedback
Dark Mode
Quiz Categories
Sports
Geography
Music
Movies
Television
Just For Fun
Miscellaneous
History
Literature
Language
Science
Gaming
Entertainment
Religion
Holiday
For Kids
Quiz Lab
Recent
Popular Today
Quiz Kudos Today
Editor Picks
Curator Picks
Quizzes by...
Day
Popularity
Type
Ratings
Length
Year
Community
Subscriptions
Recent Discussions
Orange Saloon
Badges
Playlists
Quests
Create
Leaderboards
Showdown
Live 5
Trivia Bingo
Activity
Puzzle Library
Sporcle Events
Private Events
Virtual Trivia
Globe League
Become a Host
Pub Owners
SporcleCon
Opinionation
Our Games
Videos
Blog
Mobile Apps
Partnerships
Remove Ads and Go Orange
Feedback
Sports
Athletes
MLB
NBA
NHL
NFL
Soccer
Sports Teams
WWE
NCAA
Football
Premier League
Basketball
Baseball
Hockey
Golf
Tennis
Cricket
Rugby
Auto Racing
Olympics
World Cup
Sports
Athletes
MLB
NBA
NHL
NFL
Soccer
Sports Teams
WWE
NCAA
Football
Premier League
Basketball
Baseball
Hockey
Golf
Tennis
Cricket
Rugby
Auto Racing
Olympics
World Cup
Random Quiz
Search Sporcle
×
Quiz Lab
Quiz Lab
Sports
Driver
Type in answers that appear in a list
Type in answers that appear in a list
Classic
Best Score? Go Orange.
F1: One podium Stats
Can you name the Formula 1 drivers who only scored a single podium in their entire career?
By
AldeaMalvada
10m
48 Questions
383 Plays
383 Plays
383 Plays
Comments
Comments
Give Quiz Kudos
Give Quiz Kudos
-
- Ratings
hide this ad
Replay
Link that replays current quiz
Next Quiz
Link to next quiz in quiz playlist
You Got
0%
They Got
Avg Score
48%
Avg Friend Score
Upgrade to see
Score Distribution
Jump to the score distribution portion of the page
Score
0/48
Timer
10:00
0
Plays Today
Grand Prix
Driver
% Correct
ESP 2012
Pastor Maldonado
96.9%
AUS 2014
Kevin Magnussen
95.6%
JPN 2012
Kamui Kobayashi
93.2%
AUS 2011
Vitaly Petrov
92.2%
USA 2004
Takuma Sato
86.4%
HUN 2006
Pedro de la Rosa
85.6%
USA 2005
Tiago Monteiro
83%
GER 2008
Nelsinho Piquet
82.2%
ITA 1993
Michael Andretti
73.4%
JPN 1990
Aguri Suzuki
71.5%
SMR 1991
JJ Lehto
71.3%
SMR 1994
Nicola Larini
64.2%
AUS 1995
Gianni Morbidelli
64.2%
MON 1950
Louis Chiron
62.4%
JPN 1990
Roberto Moreno
60.1%
RSA 1967
John Love
55.9%
GER 1994
Éric Bernard
55.1%
NED 1959
Joakim Bonnier
54.6%
ITA 1971
Peter Gethin
53.5%
AUT 1975
Vittorio Brambilla
52.7%
FRA 1961
Giancarlo Baghetti
51.7%
BRA 1989
Maurício Gugelmin
50.7%
ITA 1966
Ludovico Scarfiotti
46.7%
GBR 1950
Reg Parnell
45.2%
Grand Prix
Driver
% Correct
GBR 1956
Alfonso de Portago
43.6%
CPL 1981
Bruno Giacomelli
43.6%
AUT 1970
Rolf Stommelen
42.6%
AUT 1971
Tim Schenken
42.3%
SUI 1954
Hans Herrmann
42%
AUS 1985
Philippe Streiff
41.3%
CAN 1971
Mark Donohue
40.2%
USA 1970
Reine Wisell
38.1%
MON 1968
Lucien Bianchi
37.9%
BEL 1956
Paul Frére
36%
ITA 1968
Johnny Servoz-Gavin
35.8%
ARG 1957
Carlos Menditéguy
33.7%
NED 1962
Trevor Taylor
32.6%
MEX 1965
Mike Spence
32.6%
MON 1970
Henri Pescarolo
32.4%
ITA 1960
Willy Mairesse
32.1%
MON 1968
Richard Attwood
31.6%
FRA 1950
Peter Whitehead
31.1%
ITA 1950
Dorino Serafini
30.8%
ESP 1973
George Follmer
25.3%
ARG 1960
Cliff Allison
24.3%
ESP 1968
Brian Redman
22.5%
AUT 1964
Bob Anderson
20.9%
ITA 1956
Ron Flockhart
19.8%
Quiz Playlist
Details
Report
Send in Message
Add To Playlist
Classic:
Type in answers that appear in a list
Last Updated: Sep 3, 2017
Quiz Scoreboard
CHALLENGE
Sign Up to Join the Scoreboard
Show All
Scores
Hide
Comments
May contain spoilers
Recently Published
Street Fighter Characters
by Artimus82
Gaming
60s
9x9 Crossword: Cartoon Network
by jackfrog10
Miscellaneous
3m
College Basketball Coaching Resumes
by pancakes188
Sports
9m
More to Explore
Quiz From the Vault
Featured Blog Post
Where Did the Easter Bunny Come From?
hide this ad
You Might Also Like...
Tags
Career
Driver
entire
formula
Formula 1
grand
Nationality
podium
Prix
Single
Today's Top Quizzes in Sports
Browse Sports
hide this ad
Today's Top Quizzes in Driver
Browse Driver
Top Contributed Quizzes in Sports
1
2022 World Cup Stars
2
Les meilleurs buteurs des matchs entre le PSG et l’OM
3
FIFA Club World Cup Champions
4
Les entraîneurs de l'OM et du PSG au 21e siècle
5
Criteria MLB: Left Handed Sluggers
6
2023 MLB Unique Player Accomplishments
7
AFC Teams Reveal (Wrong Answers Minefield)
8
5-to-1: FBS Animal Nicknames
9
Players with Multiple 50 Home Run Seasons
10
5-to-1: UK Sports Teams
Explore More
Trending Topics
Marvel
Crossword
Disney
Kpop
Harry Potter
Anime
NBA
The Office
WWE
Puzzle
Song
Pokémon
Soccer
NFL
Country
hide this ad
More By:
AldeaMalvada
Quiz
Plays
Rating
Category
Featured
Created
Current WWE/NXT Roster: April 2018
15,021
4.53
Sports
Nov 22, 2014
F1 Race Winners as of 2021
2,881
4.13
Sports
Jun 8, 2014
Most F1 starts per decade
2,148
4.69
Sports
Jul 18, 2017
F1 Circuits: In which country?
1,606
4.83
Sports
Jun 29, 2017
Character deaths in GTA 5
1,058
Gaming
Sep 28, 2016
Go to Creator's Profile
Score Distribution
Quiz Creator Spotlight
AldeaMalvada
Follow
Send a Message
Quizzes Created
-
Created Quiz Play Count
-
More By This Creator
Popular Quizzes Today
1
Find the US States - No Outlines Minefield
2
Find the Countries of Europe - No Outlines Minefield
3
The Countries of the World
4
Find the US States
5
Risky Map Clicking: Biggest States A-Z
6
US States
7
Popular People in 1961
8
Movies - When Are They Set?
More Sports Quizzes
Super Bowl Rematches
Published
Trending Quizzes
Risky Map Clicking: Least Populous States A-Z
Countries of the World: 200 Million BC
1-10 Letter G Words
Risky Map Clicking: Next State Alphabetically
Adjectives in 80s TV Shows
Recently Updated
Leaping Animals
pecheneg
Reality TV Shows (A-Z)
bhenderson79
Rickey Henderson's Hall of Fame Teammates
pecheneg
Champions League XIs: Arsenal
pecheneg
Quick Pick: Celebrities in WWE's Hall of Fame
aduchscher
A-Z Keypad Blitz II
pecheneg
Multiple Oscar Actors
pecheneg
Mystery Phrase Blitz: Oscar 'Best Actors'
pecheneg
F. Scott Fitzgerald Novels
LTH
Pick 3 Villains
ddd62291
Trending Topics
Harry Potter
Disney
Anime
Kpop
NBA
Crossword
Marvel
WWE
The Office
Puzzle
Soccer
Country
Pokémon
Song
NFL
Your Account Isn't Verified!
In order to create a playlist on Sporcle, you need to verify the email address you used during registration. Go to your
Sporcle Settings
to finish the process.
Report this User
Report this user for behavior that violates our
Community Guidelines
.
Details:
Send Report
Go to the Sporcle.com Mobile Site →
Comments